000 00301nam a22001337a 4500
008 170614b xxu||||| |||| 00| 0 eng d
020 _a9780465098125
041 _aeng
080 _a94
100 _a17
101 _aSHH
245 _aTHE END OF THE SOVIET EMPIRE
_cD'ENCAUSSE,H.C
942 _2udc
_cBK
999 _c17276
_d17276